000 00579cam a22002053a 4500
001 34777
003 PGUSA
005 20140828083742.0
008 110203s2011||||xxu|||||s|||||000 | eng d
040 _aPGUSA
_beng
042 _adc
100 1 _aMacnaughtan, S.
_q(Sarah),
_d1864-1916
245 1 2 _aA Lame Dog's Diary
_h[electronic resource] /
_cS. Macnaughtan
260 _bProject Gutenberg,
_c2011
506 _aPublic domain in the USA.
516 _aElectronic text
830 0 _aProject Gutenberg
_v34777
856 4 0 _uhttp://www.gutenberg.org/ebooks/34777
942 _cEB
999 _c264032
_d264032